Se trata de su dinero : guía paso a paso para la gestión Online de sus finanzas personales /

Furkejuvvon:
Bibliográfalaš dieđut
Váldodahkki: Cotsakos, Christos M. (autor)
Materiálatiipa: Girji
Giella:espánnjágiella
Almmustuhtton: Bilbao, España : Deusto, 2000, c2000
Ráidu:(Nueva Economía)
Fáttát:
Fáddágilkorat: Lasit fáddágilkoriid
Eai fáddágilkorat, Lasit vuosttaš fáddágilkora!

MARC

LEADER 00000nam^a2200000^a^4500
001 000171342
005 20250521000000.0
009 20260310101341.517
020 |a 84-234-1768-9 
037 |a Acervo ITESO - Biblioteca 
041 |a ESP 
082 |a 658. 00285  |b COT 
100 |a Cotsakos, Christos M.  |e (autor) 
245 1 0 |a Se trata de su dinero :  |b guía paso a paso para la gestión Online de sus finanzas personales /  |c C.M. Cotsakos ; tr. por Germán Orbegozo. 
264 4 |a Bilbao, España :  |b Deusto,  |c 2000, c2000 
300 |a VI, 220 p. 
336 |a texto  |b txt  |2 rdacontenido 
337 |a sin mediación  |b n  |2 rdamedio 
338 |a volumen  |b nc  |2 rdasoporte 
440 1 |a (Nueva Economía) 
500 |a Traducción de: It's Your Money 
649 |a XX 
650 |a Economía Familiar 
650 |a Dinero 
650 |a Negocios en Internet 
650 |a Inversiones 
650 |a Acciones (Títulos, Valores) 
650 |a Bancos y Operaciones Bancarias 
650 |a Sistema Financiero 
650 |a Información Financiera 
650 |a Contabilidad Financiera 
650 |a Finanzas -  |x Análisis 
650 |a Administración Financiera 
650 |a Proceso Administrativo 
650 |a Ciencias Administrativas 
910 |a Fondo General 
920 |a Impresos - Libros 
930 |a Colección General 
905 |a 101 
901 |a 0500108675  |b IT1  |c ACC  |u 20250521 
902 |a https://opac.biblio.iteso.mx/vufind/Record/000171342